Annotated bibliography of diamondback moth - Vol 2

Salvato in:
Dettagli Bibliografici
Natura: Libro
Lingua:Undetermined
Pubblicazione: TaiWan AVRDC 1990
Soggetti:
Tags: Aggiungi Tag
Nessun Tag, puoi essere il primo ad aggiungerne! !
Thư viện lưu trữ: Trung tâm Học liệu Trường Đại học Cần Thơ
LEADER 00450nam a2200157Ia 4500
001 CTU_38559
008 210402s9999 xx 000 0 und d
082 |a 632.7 
082 |b A832 
245 0 |a Annotated bibliography of diamondback moth - Vol 2 
260 |a TaiWan 
260 |b AVRDC 
260 |c 1990 
650 |a moths - juvenile literature - bibliography 
904 |i Liên, 990423 
980 |a Trung tâm Học liệu Trường Đại học Cần Thơ